000 00621nam a2200193 i 4500
001 85869
003 ES-MaACL
005 20240430105748.0
007 t|
008 041202s1974 sp ||||1| spa d
100 0 _aKafka, Franz,
_d1883-1924
_967400
245 1 0 _aCarta al padre /
_cFranz Kafka ; traducción de Feliu Formosa ; estudios y notas de Ricard Torrents.
260 _a[Barcelona :
_bLumen,
_c1974]
300 _a106 p. :
_bil. ;
_c19 cm.
700 1 _aFormosa, Feliu,
_d1934-
_951759
700 1 _aTorrents, Ricard.
_9110864
852 _aES-MaACL
_jA-8742
_bR.98133
999 _c85869
_d85869